| 000 | 02447cam a22004577a 4500 | ||
|---|---|---|---|
| 001 | 17518759 | ||
| 005 | 20170105102906.0 | ||
| 008 | 121105s2012 stka 001 0 eng d | ||
| 010 | _a 2012494442 | ||
| 015 |
_aGBB237102 _2bnb |
||
| 016 | 7 |
_a016067962 _2Uk |
|
| 020 | _a9780748645503 (hbk.) | ||
| 020 | _a0748645500 (hbk.) | ||
| 035 | _a(OCoLC)ocn800854520 | ||
| 040 |
_aUKMGB _beng _cUKMGB _dYDXCP _dUKSMC _dYNK _dOCLCA _dOCLCQ _dBWX _dCDX _dDLC |
||
| 042 | _alccopycat | ||
| 050 | 0 | 0 |
_aGN641 _b.E84 2012 |
| 082 | 0 | 4 |
_a305.697 _223 |
| 245 | 0 | 0 |
_aEthnographies of Islam : _britual performances and everyday practices / _cedited by Baudouin Dupret ... [et al.]. |
| 260 |
_aEdinburgh : _bEdinburgh University Press, _c2012. |
||
| 300 |
_avi, 202 p. : _bill. ; _c25 cm. |
||
| 490 | 1 | _aExploring Muslim contexts | |
| 500 | _aPublished in association with the Aga Khan University, Institute for the Study of Muslim Civilisations--t.p. | ||
| 504 | _aIncludes index. | ||
| 505 | 1 | _aPart I : performing rituals -- Part II : contextualising interactions -- Part III : the ethnography of history. | |
| 520 | _aThis comparative approach to the various uses of the ethnographic method in research about Islam in anthropology and other social sciences is particularly relevant in the current climate. Political discourses and stereotypical media portrayals of Islam as a monolithic civilisation have prevented the emergence of cultural pluralism and individual freedom. Such discourses are countered by the contributors who show the diversity and plurality of Muslim societies and promote a reflection on how the ethnographic method allows the description, representation and analysis of the social and cultural complexity of Muslim societies in the discourse of anthropology.--provided by publisher. | ||
| 650 | 0 |
_aReligious life _xIslam. |
|
| 650 | 0 |
_aIslam _xCustoms and practices. |
|
| 650 | 0 |
_aRites and ceremonies _zIslamic countries. |
|
| 650 | 0 |
_aIslam _xRituals. |
|
| 650 | 0 |
_aPluralism _xReligious aspects _xIslam. |
|
| 650 | 0 | _aMuslim diaspora. | |
| 650 | 0 |
_aMuslims _xEthnic identity. |
|
| 650 | 0 | _aIslam and civil society. | |
| 700 | 1 | _aDupret, Baudouin. | |
| 710 | 2 |
_aAga Khan University. _bInstitute for the Study of Muslim Civilisations. |
|
| 830 | 0 | _aExploring Muslim contexts. | |
| 906 |
_a7 _bcbc _ccopycat _d2 _encip _f20 _gy-gencatlg |
||
| 942 |
_2ddc _cBK |
||
| 999 |
_c14858 _d14858 |
||